000 01082nam a2200277Ia 4500
003 OSt
005 20221005104211.0
006 a|||||r|||| 00| 0
007 ta
008 221004b |||||||| |||| 00| 0 san d
020 _a9788183153263 (hbk)
_cINR 450.00
024 _a36357
037 _b275, 10/03/2018, Bharatiya Book Corporation
_cTextual
040 _aCRL
_cCRL
_bsan
041 _2san
_asan
082 _aO15,2D35:g(NT), 152P4;Q8
100 _aगुन्देचा, संगीता, ले.
245 0 _aभास का रंगमंच
246 _aBhās kā rangamancha
250 _aद्वितीय संस्करण
260 _aदिल्ली
_bन्यू भारतीय बुक कॉरपोरेशन भारत
_c2018
300 _a163पृ0
_ccm.
650 _aहिन्दी साहित्य
942 _hO15,2D35:g(NT), 152P4;Q8
_cTEXL
_2cc
999 _c1012007
_d1012007